Materiálně technická základna obchodu

Enregistré dans:
Détails bibliographiques
Auteur principal: Hadravová, Zdena
Format: Livre
Langue:tchèque
Publié: Praha Merkur 1985
Collection:Knižnice Socialistický obchod
Tags: Ajouter un tag
Pas de tags, Soyez le premier à ajouter un tag!

MARC

LEADER 00000nam a2200000 4500
001 c105378
005 20041019155134.5
041 0 |a cze 
044 |a CZ 
245 1 0 |a Materiálně technická základna obchodu  |c Zdena Hadravová 
264 1 |a Praha  |b Merkur  |c 1985 
300 |a 381 s. 
490 1 |a Knižnice Socialistický obchod 
830 0 |a Knižnice Socialistický obchod 
100 1 |a Hadravová, Zdena